00854nam a2200217Ia 4500001015900000002005100159008003700210010001100247530002200258650002600280650002800306650002100334650003300355650004100388650002500429700005300454700004300507700004700550942002000597999001900617IA_Finally it was concluded that the installation and commissioning march of this project is technically, economically, socially and environmentally feasible.ESTUDIOS DE FACTIBILIDAD TECNICO-ECONOMICO PARA L220117s xx 000 0 und d a185595 aDisponible en PDF aDried fruit 9153714 aFood industry 9148657 aFresas 9154326 aFruta deshidratada 9153716 aIndustria de los alimentos 9148659 aStrawberries9152625 aEspejel Zaragoza, José Alfredo, asesor91636971 aMartínez Mosqueda, Francisco9148600 aRivera Salvador, Víctor, asesor 9163737 cTESIS H476 2014 c185595d185595